At the margins of empire: Frontiers and boundaries in British India (Record no. 394894)

MARC details
000 -LEADER
fixed length control field 00546 a2200205 4500
005 - DATE & TIME
control field 20260310112206.0
008 - FIXED-LENGTH DATA ELEMENTS--GENERAL INFORMATION
fixed length control field 260310b |||||||| |||| 00| 0 eng d
020 ## - ISBN
International Standard Book Number 9781041195344
Price Rs. 1595.00
040 ## - CATALOGING SOURCE
Original cataloging agency VIVEKANANDA LIBRARY
082 ## - DDC NUMBER
Classification number 954.03
Book Number D999A
100 ## - MAIN ENTRY--PERSONAL NAME
Personal name Dzuvichu, Lipokmar
245 ## - TITLE STATEMENT
Title At the margins of empire: Frontiers and boundaries in British India
260 ## - PUBLICATION, DISTRIBUTION, ETC. (IMPRINT)
Name of publisher, distributor, etc Routledge
Date of publication, distribution, etc 2026
Place of publication, distribution, etc Abingdon
300 ## - PHYSICAL DESCRIPTION
Pages xvii, 284
650 ## - Subject
Subject History
650 ## - Subject
Subject British Rule
650 ## - Subject
Subject India
700 ## - Added Entry Personal Name
Added Entry Personal Name Baruah, Manjeet
942 ## - ADDED ENTRY ELEMENTS (KOHA)
Koha item type Books
Holdings
Withdrawn status Lost status Source of classification or shelving scheme Damaged status Not for loan Location (home branch) Sublocation or collection (holding branch) Shelving location Date acquired Koha issues (times borrowed) Koha full call number Accession No. Koha date last seen Koha item type
    Dewey Decimal Classification     VIVEKANANDA LIBRARY VIVEKANANDA LIBRARY Vivekananda Library 28/01/2026   954.03 D999A 444676 28/01/2026 Books
© Designed and Maintained by Vivekananda Library, MDU Rohtak